000 00887nmm a2200253 a 4500
001 ocm000667880
003 TR-IsHL
005 20201028134100.0
008 131121s2008 tu tur
007 cr cn
035 _a667880
_b(N$T)
050 0 4 _aDS51
_b.O93 2008
090 0 4 _aDS51
_b.O93 2008
100 1 _aÖzdoğan, Emre
245 1 0 _aTanrı Dağları'ndaki sır: Nuh'un gemisi
_h[electronic resource] /
_cEmre Özdoğan
260 _aİstanbul :
_bÇatı Kitapları,
_c2008
300 _a112 p.
650 4 _aFelsefe, Psikoloji ve Din
650 4 _aPhilosophy, Psychology and Religion
650 0 _aAğrı Dağı
_x Nuh'un gemisi
650 0 _aMount Ararat
_x Noah's Ark
650 7 _aBODY, MIND & SPIRIT / Ancient Mysteries & Controversial Knowledge
_2bisacsh
856 4 0 _uhttp://search.ebscohost.com/login.aspx?direct=true&scope=site&db=e011xww&AN=667880
999 _c5996
_d5996